000
00304nam a22001337a 4500
008
170822b xxu||||| |||| 00| 0 eng d
020
_a
9780669316650
041
_a
eng
080
_a
51
100
_a
38
101
_a
MAT
245
_a
GEOMETRY AN INTEGRATED APPROACH
_c
LARSON.B
942
_2
udc
_c
BK
999
_c
24507
_d
24507